LEADER 02818nam 2200649 a 450 001 9911004761803321 005 20240507195655.0 010 $a9781680158212 010 $a168015821X 010 $a9781849734721 010 $a1849734720 035 $a(CKB)2670000000273229 035 $a(EBL)1185201 035 $a(OCoLC)834609179 035 $a(SSID)ssj0000789004 035 $a(PQKBManifestationID)12398820 035 $a(PQKBTitleCode)TC0000789004 035 $a(PQKBWorkID)10724427 035 $a(PQKB)11474136 035 $a(MiAaPQ)EBC4095246 035 $a(MiAaPQ)EBC1185201 035 $a(Au-PeEL)EBL1185201 035 $a(CaPaEBR)ebr10676890 035 $a(CaONFJC)MIL872358 035 $a(PPN)198476051 035 $a(MiAaPQ)EBC7424878 035 $a(Au-PeEL)EBL7424878 035 $a(Perlego)787605 035 $a(EXLCZ)992670000000273229 100 $a20130220d2012 uy 0 101 0 $aeng 135 $aur|n|---||||| 181 $ctxt 182 $cc 183 $acr 200 10$aBiodiesel $eproduction and properties /$fAmit Sarin 205 $a1st ed. 210 $aCambridge $cRSC Pub.$d2012 215 $a1 online resource (281 p.) 300 $aDescription based upon print version of record. 311 08$a9781849734707 311 08$a1849734704 320 $aIncludes bibliographical references and index. 327 $aBiodiesel_Publicity; Biodiesel; 01-1_Biodiesel_title pages; 02-5_Biodiesel_dedication; 03-blank; 04-7_Biodiesel_Foreword; 05-blank; 06-9_Biodiesel_Preface; 07-blank; 08-13_Biodiesel_Contents; 09-21_Biodiesel_abb; 10-1_rsabook19chapter1; 11-5_rsabook19chapter2; 12-31_rsabook19chapter3; 13-51_rsabook19chapter4; 14-80_rsabook19chapter5; 15-107_rsabook19chapter6; 16-140_rsabook19chapter7; 17-168_rsabook19chapter8; 18-204_rsabook19chapter9; 19-231_rsabook19chapter10; 20-239_Biodiesel_index 330 $aWritten by an accomplished author this book discusses all major aspects on the production and properties of biodiesel, but the main focus is on the two very important properties of oxidative stability and low-temperature flow. Examples of key chapters include: biodiesel properties, fuel specifications, oxidative stability and low-temperature flow properties, engine efficiency and emissions using biodiesel, major sources for biodiesel production, the present state of the biodiesel industry. One additional feature of the book is that it contains a comprehensive section on biodiesel resources. In 606 $aBiodiesel fuels 615 0$aBiodiesel fuels. 676 $a662/.88 676 $a665.37 700 $aSarin$b Amit$01822341 801 0$bMiAaPQ 801 1$bMiAaPQ 801 2$bMiAaPQ 906 $aBOOK 912 $a9911004761803321 996 $aBiodiesel$94388509 997 $aUNINA